Birds of northern South American : (Registro nro. 5820)

Detalles MARC
000 -CABECERA
Campo de control 01114nam a2200301 i 4500
005 - FECHA Y HORA DE LA ULTIMA TRANSACCION
Campo de control 20160107110443.0
008 - ELEMENTOS DE LONGITUD FIJA—INFORMACION GENERAL
Campo de control 160105b2006 enkab |r|||| 00| 0 eng d
020 ## - ISBN
ISBN 139780713672428 (volumen 1)
-- 139780713672435(volumen 2)
040 ## - FUENTE DE CATALOGACIÓN
Agencia catalogadora original CO-BoIAVH
Agencia transcriptora CO-BoIAVH
041 ## - IDIOMA
Código de idioma para texto/pista de sonido o título separado Inglés
044 ## - PAÍS DE PUBLICACIÓN
País de publicación Inglaterra
082 04 - NUMERO DE CLASIFICACION DECIMAL DEWEY
Número de clasificación 598.098
Número del ítem R43b
100 1# - ASIENTO PRINCIPAL--NOMBRE PERSONAL
Nombre personal Restall, Robin
9 (RLIN) 18192
245 10 - MENCION DE TITULO
Título Birds of northern South American :
Parte restante del título An Identification guide
Mención de responsabilidad Robin Restall Clemencia Rodner and Miguel Lentino.
260 ## - PUBLICACION, DISTRIBUCION, ETC. (PIE DE IMPRENTA)
Lugar de publicación, distribución, etc. London
Nombre del editor, distribuidor, etc. Christopher Helm
Fecha de publicación, distribución, etc. 2006
300 ## - DESCRIPCION FISICA
Extensión 2 volumenes :
Otros detalles físicos ilustraciones y mapas a color ;
Dimensiones 24 cm.
490 00 - MENCION DE SERIE
Mención de serie Helm field guides
500 ## - NOTA GENERAL
Nota general Incluye índice.
505 0# - NOTA DE CONTENIDO
Nota de contenido Volumen 1.: Species accounts. -- Volumen. 2: Plates and maps.
650 14 - ASIENTO SECUNDARIO DE MATERIA - TERMINO TEMATICO
Término temático o nombre geográfico como elemento de entrada Aves
Subdivisión general Identificación
Subdivisión geográfica sur América
9 (RLIN) 48078
650 24 - ASIENTO SECUNDARIO DE MATERIA - TERMINO TEMATICO
Término temático o nombre geográfico como elemento de entrada Aves
Subdivisión general Clasificación
Subdivisión geográfica sur América
9 (RLIN) 48079
650 24 - ASIENTO SECUNDARIO DE MATERIA - TERMINO TEMATICO
Término temático o nombre geográfico como elemento de entrada Aves
Subdivisión general Ecología
Subdivisión geográfica sur América
9 (RLIN) 48080
650 24 - ASIENTO SECUNDARIO DE MATERIA - TERMINO TEMATICO
Término temático o nombre geográfico como elemento de entrada Aves
Subdivisión general Hábitos y conducta
Subdivisión geográfica sur América
9 (RLIN) 48081
700 ## - ASIENTO SECUNDARIO - NOMBRE PERSONAL
Nombre personal Rodner, Clemencia
9 (RLIN) 18187
700 ## - ASIENTO SECUNDARIO - NOMBRE PERSONAL
Nombre personal Lentino, Miguel
9 (RLIN) 18191
942 ## - ELEMENTOS ADICIONALES (KOHA)
Tipo de ítem Libro
Sistema de clasificación Dewey Decimal Classification
945 ## - PROCESAMIENTO LOCAL
AAAA-MM-DD - Fecha de ingreso o modificacion 2007-09-17
Existencias
Withdrawn status Lost status Sistema de Clasificación Damaged status No para préstamo Colección Inventariado Ubicación Permanente Ubicación actual Fecha de adquisición Fuente de Valor Total Checkouts Número topográfico Inventario / Código de Barras Date last seen Ejemplar Price effective from Forma de adquisición Tipo de material
    Dewey Decimal Classification     General Inventariado 2017 Bogotá Bogotá 17/09/2007 Amazon   LB-598.098 R43b 025218 04/12/2012 V.1 Ej.1 04/12/2012 Compra Libro
    Dewey Decimal Classification     General Inventariado 2017 Bogotá Bogotá 17/09/2007 Amazon   LB-598.098 R43b 025217 04/12/2012 V.2 Ej.1 04/12/2012 Compra Libro